000 00777nam a2200217Ia 4500
003 GCL
008 140319s9999 xx 000 0 ara d
040 _aGCL /
_cGCL
082 0 4 _aط
_b398.2
_bس ح
100 1 _aسمير عبدالباقى
245 1 0 _aحكايات ابوزيد الهلالى :
_bمج1 فارس بنىالزحلان \ مج2 شيحا تنقذ بركات \ مج 3 سيوف الاقارب /
_cسمير عبدالباقى
700 1 _aسحر موسى
260 _aالقاهرة :
_bدار الحسام
300 _aمتعدد ؛
_c32 سم
490 _aحكايات ابوزيد الهلالى
_v0
650 0 4 _aالاطفال
650 0 4 _aالقصص
650 0 4 _aقصص الاطفال
650 0 4 _aقصص المغامرات
942 _2ddc
_cBK
999 _c57210
_d57210